[Event "COL-chT"]
[Site "Bucaramanga"]
[Date "2022.09.09"]
[Round "7.2"]
[White "Fonseca Pinto, Carlos Arturo"]
[Black "Martinez Zuluaica, Julian"]
[Result "1/2-1/2"]
[WhiteElo "2043"]
[BlackElo "2141"]
[PlyCount "81"]
[EventDate "2022.09.06"]
[EventType "team-swiss"]
[EventRounds "7"]
[EventCountry "COL"]
[SourceTitle "CBM 210 Extra"]
[Source "ChessBase"]
[SourceDate "2022.11.30"]
[SourceVersion "1"]
[SourceVersionDate "2022.11.30"]
[SourceQuality "1"]
[WhiteTeam "Boyaca"]
[BlackTeam "Santander"]
[WhiteTeamCountry "COL"]
[BlackTeamCountry "COL"]

1. e4 e5 2. Nf3 Nc6 3. d4 exd4 4. Bc4 Nf6 5. e5 d5 6. Bb5 Ne4 7. Nxd4 Bd7 8. Bxc6 bxc6 9. 0-0 Qh4 10. f3 Nc5 11. Be3 Ne6 12. c3 g6 13. f4 Bg7 14. Nd2 Nxd4 15. Bxd4 0-0 16. Nb3 f6 17. Qe1 Qg4 18. h3 Qf5 19. Nc5 fxe5 20. fxe5 Qxf1+ 21. Qxf1 Rxf1+ 22. Rxf1 Bc8 23. e6 Bf8 24. Rf7 Bxc5 25. Bxc5 Bxe6 26. Rxc7 d4 27. Bxd4 Bxa2 28. Rxc6 a5 29. Rc7 Rb8 30. Rg7+ Kf8 31. Ra7 Rxb2 32. Rxa5 h5 33. Ra8+ Kf7 34. Ra7+ Ke8 35. Ra6 Bb1 36. Rb6 Rxb6 37. Bxb6 Kd7 38. Kf2 Kc6 39. Bd4 Bc2 40. Ke3 Bb1 41. Kf4 1/2-1/2

[Event "COL-chT"]
[Site "Bucaramanga"]
[Date "2022.09.09"]
[Round "6.2"]
[White "Lopez Ramirez, David Santiago"]
[Black "Fonseca Pinto, Carlos Arturo"]
[Result "0-1"]
[WhiteElo "2098"]
[BlackElo "2043"]
[PlyCount "102"]
[EventDate "2022.09.06"]
[EventType "team-swiss"]
[EventRounds "7"]
[EventCountry "COL"]
[SourceTitle "CBM 210 Extra"]
[Source "ChessBase"]
[SourceDate "2022.11.30"]
[SourceVersion "1"]
[SourceVersionDate "2022.11.30"]
[SourceQuality "1"]
[WhiteTeam "Cundinamarca"]
[BlackTeam "Boyaca"]
[WhiteTeamCountry "COL"]
[BlackTeamCountry "COL"]

1. d4 Nf6 2. c4 c5 3. Nf3 g6 4. Nc3 cxd4 5. Nxd4 Bg7 6. e4 d6 7. Be2 Nc6 8. Be3 Bd7 9. 0-0 0-0 10. h3 a6 11. Nf3 Rc8 12. Rc1 Qa5 13. c5 Qb4 14. cxd6 exd6 15. Nd2 Be6 16. b3 Rfd8 17. Na4 Nd4 18. Bc4 d5 19. Bxd4 dxc4 20. Bc3 Qb5 21. Qf3 Rd3 22. Qe2 cxb3 23. axb3 Rcd8 24. Nf3 Nh5 25. Bxg7 Kxg7 26. Qb2+ Kg8 27. Nc5 R3d6 28. e5 Rd5 29. Nxe6 fxe6 30. Qa3 Nf4 31. Qe7 R5d7 32. Qf6 Rf8 33. Qh4 Ne2+ 34. Kh2 Nxc1 35. Rxc1 Qxb3 36. Rc4 Qd3 37. Ng5 Qf5 38. f4 b5 39. Rd4 Rb7 40. Nf3 a5 41. g4 Qc2+ 42. Kg3 b4 43. Rd8 Qc5 44. Nd4 Qe7 45. Rxf8+ Kxf8 46. Qh6+ Kg8 47. h4 Rd7 48. Nf3 Qg7 49. Qg5 h6 50. Qf6 Qxf6 51. exf6 b3 0-1

[Event "Puerto Rico Inv"]
[Site "Caguas"]
[Date "2021.04.30"]
[Round "1"]
[White "Torres Torres, Jefferson Arturo"]
[Black "Fonseca Pinto, Carlos Arturo"]
[Result "0-1"]
[WhiteElo "1736"]
[BlackElo "2117"]
[PlyCount "48"]
[EventDate "2021.04.30"]
[EventType "swiss"]
[EventRounds "5"]
[EventCountry "PUR"]
[SourceTitle "EXT 2023"]
[Source "ChessBase"]
[SourceDate "2022.10.05"]
[SourceVersion "1"]
[SourceVersionDate "2022.10.05"]
[SourceQuality "1"]

1. e4 e5 2. Nf3 Nc6 3. Bc4 Nf6 4. d3 Be7 5. c3 0-0 6. h3 d5 7. exd5 Nxd5 8. 0-0 a6 9. a4 Bf5 10. Qd2 Nf4 11. d4 Bg5 12. Nxg5 Qxg5 13. f3 Nxh3+ 14. Kh2 Nf4 15. dxe5 Qh4+ 16. Kg1 Nh3+ 17. gxh3 Qxc4 18. f4 Bxh3 19. Rf2 Rad8 20. Qe1 Rd3 21. Nd2 Qe6 22. Kh2 Qh6 23. Kh1 Bg2+ 24. Kxg2 Qh3+ 0-1

[Event "COL-chT 21st"]
[Site "Cartagena"]
[Date "2019.11.30"]
[Round "7.4"]
[White "Pereira Vera, Henry Alberto"]
[Black "Fonseca Pinto, Carlos Arturo"]
[Result "0-1"]
[WhiteElo "1846"]
[BlackElo "2044"]
[PlyCount "191"]
[EventDate "2019.11.30"]
[EventType "team-swiss"]
[EventRounds "9"]
[EventCountry "COL"]
[SourceTitle "CBM 195 Extra"]
[Source "ChessBase"]
[SourceDate "2020.05.31"]
[SourceVersion "1"]
[SourceVersionDate "2020.05.31"]
[SourceQuality "1"]
[WhiteTeam "Norte de Santander"]
[BlackTeam "Boyaca"]
[WhiteTeamCountry "COL"]
[BlackTeamCountry "COL"]

1. b3 Nf6 2. Bb2 Nc6 3. f4 g6 4. Nf3 Bg7 5. e3 0-0 6. Be2 d6 7. 0-0 Bg4 8. Nd4 Bxe2 9. Qxe2 Nxd4 10. Bxd4 c5 11. Bb2 e6 12. d3 b5 13. Nd2 a5 14. Nf3 a4 15. c4 a3 16. Bc3 b4 17. Bd2 d5 18. Rac1 Rc8 19. Rfd1 Nd7 20. e4 Re8 21. e5 f6 22. exf6 Nxf6 23. Ne5 Qd6 24. Qf3 Nd7 25. Re1 Nxe5 26. fxe5 Bxe5 27. g3 Bb2 28. Rcd1 Rf8 29. Qg2 dxc4 30. dxc4 Bd4+ 31. Kh1 Rf2 32. Qb7 Rcf8 33. Bf4 R2xf4 34. gxf4 Qxf4 35. Rf1 Qg4 36. Rxf8+ Kxf8 37. Rf1+ Ke8 38. Qc8+ Ke7 39. Qc7+ Ke8 40. Qc6+ Ke7 41. Qc7+ Ke8 42. Qf7+ Kd8 43. Qf8+ Kd7 44. Qf7+ Kd6 45. Qf8+ Kc6 46. Qe8+ Kd6 47. Qd8+ Kc6 48. Qa8+ Kd6 49. Qb8+ Kc6 50. Qc8+ Kd6 51. Qf8+ Kc6 52. Qf3+ Qxf3+ 53. Rxf3 Kd6 54. Rf7 h5 55. Kg2 Ke5 56. Kf3 g5 57. Rh7 g4+ 58. Kg2 Kf4 59. Rxh5 e5 60. Rh4 Kg5 61. Rh7 e4 62. Re7 Kf4 63. Kf1 Ke3 64. Ke1 Kd3 65. Kd1 e3 66. Re8 Bc3 67. Re7 Bd4 68. Re8 Kc3 69. Rg8 Kb2 70. Rxg4 Kxa2 71. Kc2 e2 72. Re4 Bc3 73. Rxe2 Bf6 74. Re1 Bh4 75. Re4 Bf2 76. h4 Ka1 77. h5 Bd4 78. Re1+ Ka2 79. h6 Bc3 80. Rf1 Be5 81. h7 Bd4 82. Rh1 Bh8 83. Rg1 Bd4 84. Rf1 Bg7 85. Re1 Bc3 86. Rh1 Bh8 87. Rg1 Bd4 88. Rg8 Ka1 89. h8Q Bxh8 90. Rxh8 Ka2 91. Rc8 Ka1 92. Rh8 Ka2 93. Rh3 Ka1 94. Kc1 a2 95. Kd2 Kb2 96. Rh1 0-1

[Event "COL-chT rapid"]
[Site "Cartagena"]
[Date "2019.11.29"]
[Round "7.3"]
[White "Escobar Forero, Alder"]
[Black "Fonseca Pinto, Carlos Arturo"]
[Result "1-0"]
[WhiteElo "2383"]
[BlackElo "2129"]
[PlyCount "72"]
[EventDate "2019.11.29"]
[EventType "team-swiss"]
[EventRounds "7"]
[EventCountry "COL"]
[SourceTitle "CBM 193 Extra"]
[Source "ChessBase"]
[SourceDate "2020.01.31"]
[SourceVersion "1"]
[SourceVersionDate "2020.01.31"]
[SourceQuality "1"]
[WhiteTeam "Risaralda"]
[BlackTeam "Boyaca"]
[WhiteTeamCountry "COL"]
[BlackTeamCountry "COL"]

1. e4 e5 2. Nf3 Nc6 3. Bb5 g6 4. Nc3 Bg7 5. h4 h5 6. d3 a6 7. Bc4 d6 8. Ng5 Nh6 9. a3 Nd4 10. Be3 f6 11. Nf3 Ne6 12. Nh2 c6 13. g3 Nf8 14. d4 Ng4 15. Nxg4 Bxg4 16. f3 Be6 17. d5 Bf7 18. Qd2 c5 19. a4 Qa5 20. 0-0 Nd7 21. Rfb1 f5 22. Bg5 Nf6 23. Bd3 c4 24. Bf1 fxe4 25. fxe4 Ng4 26. Bh3 Qc5+ 27. Kg2 Qd4 28. Qe2 Bh6 29. Bxg4 Bxg5 30. hxg5 hxg4 31. Rh1 Ke7 32. Rad1 Qb6 33. Qxc4 Rac8 34. Qf1 Rxh1 35. Qf6+ Ke8 36. Rxh1 Bg8 1-0

[Event "COL-chT"]
[Site "Cartagena"]
[Date "2019.11.24"]
[Round "1.4"]
[White "Fonseca Pinto, Carlos Arturo"]
[Black "De la Rosa Povea, Miguel Angel"]
[Result "1-0"]
[WhiteElo "2130"]
[BlackElo "1724"]
[PlyCount "43"]
[EventDate "2019.11.24"]
[EventType "team-swiss"]
[EventRounds "7"]
[EventCountry "COL"]
[SourceTitle "CBM 193 Extra"]
[Source "ChessBase"]
[SourceDate "2020.01.31"]
[SourceVersion "1"]
[SourceVersionDate "2020.01.31"]
[SourceQuality "1"]
[WhiteTeam "Boyaca"]
[BlackTeam "Sucre"]
[WhiteTeamCountry "COL"]
[BlackTeamCountry "COL"]

1. e4 e5 2. Nf3 Nc6 3. d4 exd4 4. Bc4 Be7 5. c3 Nf6 6. e5 Ne4 7. Bd5 Nc5 8. cxd4 Ne6 9. Bb3 Na5 10. Bc2 d5 11. Nc3 b6 12. a3 Bb7 13. b4 Nc4 14. Qd3 Qd7 15. Rb1 a5 16. Ba4 Bc6 17. b5 Bb7 18. Ne2 c6 19. Nd2 Rc8 20. 0-0 c5 21. Nc3 Nxd4 22. Nxc4 1-0

[Event "Sabadell Diada blitz op 16th"]
[Site "Sabadell"]
[Date "2019.09.11"]
[Round "2"]
[White "Fonseca Pinto, Carlos Arturo"]
[Black "Martinez Romero, Martin"]
[Result "0-1"]
[WhiteElo "2135"]
[BlackElo "2424"]
[PlyCount "90"]
[EventDate "2019.09.11"]
[EventType "swiss (blitz)"]
[EventRounds "9"]
[EventCountry "ESP"]
[SourceTitle "EXT 2020"]
[Source "ChessBase"]
[SourceDate "2019.10.17"]
[SourceVersion "1"]
[SourceVersionDate "2019.10.17"]
[SourceQuality "1"]

1. e4 d6 2. d4 Nf6 3. Bd3 e5 4. c3 Be7 5. Nf3 Nc6 6. d5 Nb8 7. c4 0-0 8. Nc3 a5 9. 0-0 Na6 10. Be3 c6 11. a3 Ng4 12. Bd2 Nc5 13. Bc2 cxd5 14. Nxd5 a4 15. Bb4 b6 16. Bxc5 bxc5 17. Bxa4 f5 18. Bc6 Rb8 19. Rb1 Kh8 20. Nxe7 Qxe7 21. b4 fxe4 22. Bxe4 Rf4 23. Re1 Nf6 24. bxc5 Rxb1 25. Bxb1 dxc5 26. Rxe5 Qf8 27. Qd3 Bb7 28. Ng5 Rd4 29. Qe2 Qb8 30. Bd3 h6 31. Nh7 Rxd3 32. Nxf6 Qxe5 33. Qxd3 Qa1+ 34. Qf1 Qxf6 35. Qb1 Be4 36. Qe1 Qg6 37. Qf1 Bd3 38. Qc1 Qe4 39. h3 Qxc4 40. Qe3 Qd4 41. Qe8+ Kh7 42. Qc8 c4 43. a4 c3 44. a5 c2 45. a6 Qa1+ 0-1

[Event "Tunja Boyaca op"]
[Site "Tunja"]
[Date "2019.08.03"]
[Round "6"]
[White "Fonseca Pinto, Carlos Arturo"]
[Black "Estrella Becerra, Fernando"]
[Result "1-0"]
[WhiteElo "2095"]
[BlackElo "1928"]
[PlyCount "39"]
[EventDate "2019.07.31"]
[EventType "swiss"]
[EventRounds "9"]
[EventCountry "COL"]
[SourceTitle "EXT 2020"]
[Source "ChessBase"]
[SourceDate "2019.10.17"]
[SourceVersion "1"]
[SourceVersionDate "2019.10.17"]
[SourceQuality "1"]

1. e4 c6 2. d4 d5 3. f3 dxe4 4. fxe4 e5 5. Nf3 exd4 6. Bc4 Be6 7. Bxe6 fxe6 8. 0-0 e5 9. Nxe5 Nf6 10. Bg5 Nbd7 11. Nxd7 Qxd7 12. e5 Nd5 13. Qxd4 Be7 14. Bxe7 Qxe7 15. Nd2 b6 16. Ne4 0-0-0 17. Nd6+ Kb8 18. Rf7 Qe6 19. Rb7+ Ka8 20. Qa4 1-0

[Event "COL-ch sf1"]
[Site "Medellin"]
[Date "2019.04.20"]
[Round "9"]
[White "Cadena Montoya, Gustavo Adolfo"]
[Black "Fonseca Pinto, Carlos Arturo"]
[Result "1/2-1/2"]
[WhiteElo "2194"]
[BlackElo "2046"]
[PlyCount "117"]
[EventDate "2019.04.16"]
[EventType "swiss"]
[EventRounds "10"]
[EventCountry "COL"]
[SourceTitle "CBM 190 Extra"]
[Source "ChessBase"]
[SourceDate "2019.07.15"]
[SourceVersion "1"]
[SourceVersionDate "2019.07.15"]
[SourceQuality "1"]

1. d4 c5 2. d5 d6 3. Nf3 e5 4. dxe6 Bxe6 5. e4 Nc6 6. Nc3 Nf6 7. Bf4 Qa5 8. Qd2 0-0-0 9. Bb5 Ne5 10. Bxe5 dxe5 11. Qe2 a6 12. Bc4 Bxc4 13. Qxc4 Qb4 14. Qxb4 cxb4 15. Ne2 Nxe4 16. Nxe5 Bc5 17. Nd3 Rxd3 18. cxd3 Nxf2 19. d4 Nxh1 20. Rc1 b6 21. dxc5 b5 22. Kf1 Rd8 23. Ke1 Rd5 24. c6 Kc7 25. g3 g5 26. Rc2 h5 27. h4 Rd3 28. hxg5 Nxg3 29. Nxg3 Rxg3 30. Rc5 Rg2 31. Rf5 h4 32. b3 Kxc6 33. Rxf7 Rxg5 34. Rh7 Rg4 35. Rh5 Rg1+ 36. Kd2 Rh1 37. Kc2 h3 38. Kb2 h2 39. Rh8 a5 40. Rh6+ Kd5 41. Rh4 Ke5 42. Rh8 Kf5 43. Rh3 Kg6 44. Rh8 Kg7 45. Rh3 Kf6 46. Rh8 Ke5 47. Rh4 Kd5 48. a3 bxa3+ 49. Ka2 Ke5 50. Rh8 a4 51. b4 Ke4 52. Rh7 Kd4 53. Rh8 Rc1 54. Rxh2 Kc3 55. Rg2 Rd1 56. Rh2 Rd2+ 57. Kxa3 Rd4 58. Rh5 Rd3 59. Rxb5 1/2-1/2

[Event "COL-ch sf1"]
[Site "Medellin"]
[Date "2019.04.18"]
[Round "4"]
[White "Fonseca Pinto, Carlos Arturo"]
[Black "Sanchez, Sebastian Felipe"]
[Result "1/2-1/2"]
[WhiteElo "2046"]
[BlackElo "2418"]
[PlyCount "35"]
[EventDate "2019.04.16"]
[EventType "swiss"]
[EventRounds "10"]
[EventCountry "COL"]
[SourceTitle "CBM 190 Extra"]
[Source "ChessBase"]
[SourceDate "2019.07.15"]
[SourceVersion "1"]
[SourceVersionDate "2019.07.15"]
[SourceQuality "1"]

1. e4 e6 2. d4 d5 3. exd5 exd5 4. Nf3 Nc6 5. Bd3 Nb4 6. Be2 Bf5 7. Na3 a6 8. c3 Nc6 9. Nc2 Nf6 10. Bg5 h6 11. Bh4 Be7 12. Bd3 Bxd3 13. Qxd3 0-0 14. Ne3 Re8 15. 0-0 Ne4 16. Bxe7 Nxe7 17. Nd2 Nxd2 18. Qxd2 1/2-1/2

[Event "Tunja Boyacense op"]
[Site "Tunja"]
[Date "2018.12.16"]
[Round "6"]
[White "Fonseca Pinto, Carlos Arturo"]
[Black "Palencia Morales, Wilson Guillermo"]
[Result "0-1"]
[WhiteElo "2045"]
[BlackElo "2326"]
[PlyCount "86"]
[EventDate "2018.12.13"]
[EventType "swiss"]
[EventRounds "7"]
[EventCountry "COL"]
[SourceTitle "CBM 187 Extra"]
[Source "ChessBase"]
[SourceDate "2018.11.04"]
[SourceVersion "1"]
[SourceVersionDate "2018.11.04"]
[SourceQuality "1"]

1. e4 c5 2. Nf3 g6 3. d4 cxd4 4. Nxd4 Bg7 5. Nc3 Nc6 6. Be3 Nf6 7. Bc4 0-0 8. f3 Qb6 9. Bb3 Ng4 10. fxg4 Bxd4 11. Nd5 Qc5 12. Bxd4 Nxd4 13. Nxe7+ Kg7 14. Nxc8 Raxc8 15. c3 Nxb3 16. axb3 Rfe8 17. Qf3 d5 18. 0-0-0 dxe4 19. Qf4 Re7 20. Rhf1 h6 21. h4 Rce8 22. Qf6+ Kg8 23. g5 h5 24. Qd4 Qc8 25. Rf4 e3 26. Qc4 e2 27. Re1 Qd7 28. Rf2 b5 29. Qd4 Qe6 30. Qd3 Qg4 31. g3 a5 32. Rf4 Qh3 33. Rf3 Qg2 34. Kd2 a4 35. b4 Qh3 36. Qxb5 Qe6 37. Rd3 Qb3 38. Kc1 a3 39. bxa3 Qxa3+ 40. Kb1 Qb3+ 41. Kc1 Ra8 42. Rd7 Ra1+ 43. Kd2 Rd1+ 0-1

[Event "COL-ch"]
[Site "Bogota"]
[Date "2018.11.09"]
[Round "6"]
[White "Fonseca Pinto, Carlos Arturo"]
[Black "Hernandez, Jeronimo"]
[Result "1-0"]
[WhiteElo "2012"]
[BlackElo "1843"]
[PlyCount "105"]
[EventDate "2018.11.06"]
[EventType "swiss"]
[EventRounds "9"]
[EventCountry "COL"]
[SourceTitle "CBM 187 Extra"]
[Source "ChessBase"]
[SourceDate "2018.11.04"]
[SourceVersion "1"]
[SourceVersionDate "2018.11.04"]
[SourceQuality "1"]

1. e4 c6 2. Nc3 d5 3. Qf3 dxe4 4. Nxe4 Nd7 5. Qe3 e6 6. Nf3 Ngf6 7. Bc4 Nxe4 8. Qxe4 Nf6 9. Qe2 Be7 10. d4 b6 11. Bg5 Bb7 12. 0-0-0 Qc7 13. Ne5 h6 14. Bh4 0-0 15. g4 b5 16. Bb3 c5 17. dxc5 Bxh1 18. Rxh1 Qxc5 19. f4 Qd4 20. Rf1 Rac8 21. Nxf7 Bc5 22. Ne5 Qe3+ 23. Qxe3 Bxe3+ 24. Kd1 Rfe8 25. c3 Rc5 26. Bxf6 gxf6 27. Nd7 Kg7 28. Nxc5 Bxc5 29. Ke2 e5 30. f5 Rd8 31. Be6 Kf8 32. Rf3 Ke7 33. b4 Bg1 34. Rh3 Rh8 35. Kd3 Kd6 36. Ke4 Kc7 37. g5 fxg5 38. Kxe5 g4 39. Rh5 Be3 40. f6 Bd2 41. Kd4 Rd8+ 42. Ke4 Bg5 43. Bxg4 Bxf6 44. Rxb5 Rd2 45. Rc5+ Kd6 46. a4 Rxh2 47. Rd5+ Kc7 48. c4 Rh4 49. Kf3 h5 50. Rc5+ Kb6 51. a5+ Kb7 52. Bc8+ Kb8 53. Ba6 1-0

[Event "COL-ch"]
[Site "Bogota"]
[Date "2018.11.07"]
[Round "2"]
[White "Fonseca Pinto, Carlos Arturo"]
[Black "Hernandez, Cristian Andres"]
[Result "0-1"]
[WhiteElo "2012"]
[BlackElo "2349"]
[PlyCount "156"]
[EventDate "2018.11.06"]
[EventType "swiss"]
[EventRounds "9"]
[EventCountry "COL"]
[SourceTitle "CBM 187 Extra"]
[Source "ChessBase"]
[SourceDate "2018.11.04"]
[SourceVersion "1"]
[SourceVersionDate "2018.11.04"]
[SourceQuality "1"]

1. e4 c5 2. Nf3 d6 3. Bb5+ Nd7 4. c3 Ngf6 5. Qe2 a6 6. Ba4 b5 7. Bc2 Bb7 8. d4 e6 9. 0-0 Be7 10. Rd1 0-0 11. Nbd2 cxd4 12. cxd4 Rc8 13. Bd3 Nb6 14. b3 Qd7 15. e5 Nfd5 16. Ne4 Nc3 17. Nxc3 Rxc3 18. Bd2 Rcc8 19. Rac1 Rxc1 20. Rxc1 dxe5 21. Ba5 Bxf3 22. Qxf3 Qxd4 23. Bc3 Qf4 24. Qxf4 exf4 25. Be5 Nd5 26. Be4 Rd8 27. Bxd5 Rxd5 28. Bxf4 f6 29. Kf1 Rc5 30. Ke2 e5 31. Be3 Rxc1 32. Bxc1 Kf7 33. g4 Ke6 34. Kd3 Kd5 35. f3 g6 36. Bb2 Bc5 37. Bc3 Bg1 38. h3 Bd4 39. Ba5 f5 40. gxf5 gxf5 41. Bd8 Bg1 42. Ba5 Bh2 43. Bb6 Bf4 44. Bf2 Ke6 45. Bh4 Kd5 46. Bf2 e4+ 47. fxe4+ fxe4+ 48. Ke2 Ke5 49. Bb6 Kf5 50. Bd8 Bd6 51. Bh4 Kf4 52. Be1 Bc5 53. Bh4 e3 54. Bd8 Kg3 55. h4 Kg4 56. Bg5 h5 57. a4 bxa4 58. bxa4 Kg3 59. Bd8 Kf4 60. Bg5+ Ke4 61. Bf6 Bd6 62. Bg5 Bf4 63. Bd8 Bg3 64. Be7 Bf2 65. Bg5 Kd4 66. Bd8 Kc4 67. Be7 Kb3 68. a5 Kc4 69. Bf6 Kd5 70. Kd3 Ke6 71. Bg5 Kf5 72. Bxe3 Bxh4 73. Kc4 Ke4 74. Bg1 Be7 75. Bb6 h4 76. Bc7 h3 77. Bh2 Bd8 78. Kb4 Kf3 0-1

[Event "COL-chT"]
[Site "Ibague"]
[Date "2018.10.13"]
[Round "5.4"]
[White "Fonseca Pinto, Carlos Arturo"]
[Black "Gomez Perez, Jaidor S"]
[Result "1-0"]
[WhiteElo "2031"]
[BlackElo "1666"]
[PlyCount "85"]
[EventDate "2018.10.11"]
[EventType "team-swiss"]
[EventRounds "6"]
[EventCountry "COL"]
[SourceTitle "CBM 186 Extra"]
[Source "ChessBase"]
[SourceDate "2018.08.24"]
[SourceVersion "1"]
[SourceVersionDate "2018.08.24"]
[SourceQuality "1"]
[WhiteTeam "Boyaca"]
[BlackTeam "Meta"]
[WhiteTeamCountry "COL"]
[BlackTeamCountry "COL"]

1. e4 c5 2. Nf3 d6 3. d4 cxd4 4. Nxd4 Nf6 5. Nc3 g6 6. Bc4 Bg7 7. f3 Nc6 8. Be3 Bd7 9. Qd2 Ne5 10. Bb3 a6 11. Bh6 Bxh6 12. Qxh6 Qc7 13. h3 0-0-0 14. 0-0-0 Nc4 15. g4 e5 16. Nf5 Bxf5 17. exf5 b5 18. Qh4 Nd7 19. Nd5 Qc5 20. Rd3 Ndb6 21. Ne7+ Kb7 22. Qf6 Rhf8 23. Rhd1 d5 24. Qh4 Rd7 25. f6 Rh8 26. g5 Ne3 27. R1d2 Nbc4 28. Re2 d4 29. Qe4+ Kb6 30. Bxc4 bxc4 31. Rexe3 cxd3 32. Rxd3 Rxe7 33. Rb3+ Ka7 34. fxe7 Qxe7 35. f4 Re8 36. h4 Rb8 37. Rxb8 Kxb8 38. fxe5 Qc5 39. Qf4 Kc8 40. Qg3 Kd8 41. a3 Qc6 42. Kd2 Ke7 43. Qf4 1-0